MDQL
is popping MORE tags! Check the
thread
!
Quizzes
Events
Quiz Creation
Community
Videos
Private Events
Remove Ads
Sign In
Join for FREE
Feedback
Dark Mode
Quiz Categories
Sports
Geography
Music
Movies
Television
Just For Fun
Miscellaneous
History
Literature
Language
Science
Gaming
Entertainment
Religion
Holiday
For Kids
Quiz Lab
Recent
Popular Today
Quiz Kudos Today
Editor Picks
Curator Picks
Quizzes by...
Day
Popularity
Type
Ratings
Length
Year
Community
Subscriptions
Recent Discussions
Orange Saloon
Badges
Playlists
Quests
Create
Leaderboards
Showdown
Live 5
Trivia Bingo
Activity
Puzzle Library
Sporcle Events
Private Events
Virtual Trivia
Globe League
Become a Host
Pub Owners
SporcleCon
Opinionation
Our Games
Videos
Blog
Mobile Apps
Partnerships
Remove Ads and Go Orange
Feedback
Sports
Athletes
MLB
NBA
NHL
NFL
Soccer
Sports Teams
WWE
NCAA
Football
Premier League
Basketball
Baseball
Hockey
Golf
Tennis
Cricket
Rugby
Auto Racing
Olympics
World Cup
Sports
Athletes
MLB
NBA
NHL
NFL
Soccer
Sports Teams
WWE
NCAA
Football
Premier League
Basketball
Baseball
Hockey
Golf
Tennis
Cricket
Rugby
Auto Racing
Olympics
World Cup
Random Quiz
Search Sporcle
×
Quiz Lab
Quiz Lab
Sports
Baseball
Type in answers that appear in a list
Type in answers that appear in a list
Classic
Best Score? Go Orange.
2004 and 2007 Non-World Series Red Sox Stats
Can you name the players who appeared with the Boston Red Sox in 2004 and 2007 but were not in the World Series?
By
redsoxfan34
10m
40 Questions
116 Plays
116 Plays
116 Plays
Comments
Comments
Give Quiz Kudos
Give Quiz Kudos
-
- Ratings
hide this ad
Replay
Link that replays current quiz
Next Quiz
Link to next quiz in quiz playlist
You Got
0%
They Got
Avg Score
24%
Avg Friend Score
Upgrade to see
Score Distribution
Jump to the score distribution portion of the page
Score
0/40
Timer
10:00
0
Plays Today
% Correct
Nomar Garciaparra
70.7%
Tim Wakefield
42.2%
Anastacio Martinez
40.5%
Sandy Martinez
40.5%
Clay Buchholz
37.1%
Kevin Cash
37.1%
Ellis Burks
35.3%
Ramiro Mendoza
33.6%
Brian Daubach
32.8%
Dave McCarty
27.6%
Cesar Crespo
27.6%
Bobby Jones
26.7%
Byung-Hyun Kim
25.9%
Ricky Gutierrez
25.9%
Earl Snyder
25%
Julian Tavarez
23.3%
David Murphy
23.3%
Abe Alvarez
22.4%
Royce Clayton
22.4%
Brandon Moss
22.4%
% Correct
Jamie Brown
21.6%
Wily Mo Pena
21.6%
Jimmy Anderson
20.7%
Scott Williamson
19.8%
Terry Adams
19.8%
Andy Dominique
18.1%
Adam Hyzdu
18.1%
Mark Malaska
17.2%
Jeff Bailey
17.2%
Frank Castillo
16.4%
Kason Gabbard
16.4%
Brendan Donnelly
16.4%
Lenny DiNardo
15.5%
Phil Seibel
15.5%
Pedro Astacio
14.7%
Joe Nelson
14.7%
J.C. Romero
14.7%
Devern Hansack
11.2%
Joel Pineiro
10.3%
Bryan Corey
7.8%
Quiz Playlist
Details
Report
Send in Message
Add To Playlist
Classic:
Type in answers that appear in a list
Quiz Source
Last Updated: Feb 16, 2017
Quiz Scoreboard
CHALLENGE
Sign Up to Join the Scoreboard
Show All
Scores
Hide
Comments
May contain spoilers
Recently Published
Colored Red Africa Blitz
by spor1
Geography
30s
Find the 'City' Movie
by crazypaving
Movies
60s
5x2 Blitz: Bands
by SL_Kpop136
Music
30s
More to Explore
Quiz From the Vault
Featured Blog Post
14 Easter Pick-up Lines to Find Eggs With
hide this ad
You Might Also Like...
Tags
Baseball Quiz
MLB Quiz
2004
2007
Boston
Boston Red Sox
Roster
World Series
Today's Top Quizzes in Sports
Browse Sports
hide this ad
Today's Top Quizzes in Baseball
Browse Baseball
Top Contributed Quizzes in Sports
1
Les meilleurs buteurs des matchs entre le PSG et l’OM
2
Les entraîneurs de l'OM et du PSG au 21e siècle
3
Les joueurs passés par le PSG et l'OM
4
2022 World Cup Stars
5
Players with Multiple 50 Home Run Seasons
6
Criteria MLB: Left Handed Sluggers
7
MLB Players with Two .350 Batting Average Seasons
8
Les joueurs passés par le LOSC et le RC Lens
9
NBA Logic Puzzle 2.0
10
Top 10 NHL Goal Scorers of All Time
Explore More
Trending Topics
Anime
Marvel
Kpop
NBA
Crossword
Disney
Harry Potter
NFL
WWE
The Office
Pokémon
Country
Song
Soccer
Puzzle
hide this ad
More By:
redsoxfan34
Quiz
Plays
Rating
Category
Featured
Created
200 HRs in 1 Ballpark
54,519
4.67
Sports
Mar 24, 2012
All-Time WAR All-Stars
10,567
4.60
Sports
Jul 7, 2013
MLB Combined No-Hitters
6,892
4.11
Sports
Jun 9, 2012
The Office Episodic Trivia (quite difficult)
5,734
3.67
Television
Apr 3, 2011
All-Time MLB Team (by WAR 2.0)
4,497
4.46
Sports
Jul 3, 2013
Go to Creator's Profile
Score Distribution
Quiz Creator Spotlight
redsoxfan34
Follow
Send a Message
Quizzes Created
-
Created Quiz Play Count
-
More By This Creator
Popular Quizzes Today
1
Colored Red Africa Blitz
2
Find the US States - No Outlines Minefield
3
Find the 'City' Movie
4
5x2 Blitz: Bands
5
The Countries of the World
6
Find the US States
7
Find the Countries of Europe - No Outlines Minefield
8
US States
More Sports Quizzes
Name Every PG & SG in the NBA (JAN 2021)
Quiz Lab
Trending Quizzes
Colored Red Europe Blitz I
Colored Red Europe Blitz II
Colored Red Africa Blitz II
Colored Red Europe Blitz III
Colored Red Africa Blitz III
Recently Updated
How Do You Spell That?
pecheneg
Godzilla Movies
pecheneg
Grab Bag: 4-10 Letters
pecheneg
2024 March Madness Bracket
pecheneg
Famous TV Couples
Peacemaker
Champions League XIs: Real Madrid
pecheneg
Largest US Cities 1790-2010
pecheneg
Rides in Walt Disney World
pecheneg
Most Oscar Losses (Acting)
pecheneg
Beyoncé Albums
pecheneg
Trending Topics
NBA
Kpop
Anime
Disney
Harry Potter
Marvel
Crossword
NFL
Country
Pokémon
The Office
Soccer
Song
WWE
Puzzle
Your Account Isn't Verified!
In order to create a playlist on Sporcle, you need to verify the email address you used during registration. Go to your
Sporcle Settings
to finish the process.
Report this User
Report this user for behavior that violates our
Community Guidelines
.
Details:
Send Report
Go to the Sporcle.com Mobile Site →
Comments